00461nam a22001577a 4500020002100000035001300021037000800034082001100042100001500053245005600068260003200124270003800156300002200194490005200216500003500268 a8182200180c0.00 aB-160786 aDPL a811.08 aBanabhatta aKadambari /cby Banabhatta [edited] by S. N. Tiwari aDelhibGlobal Vision c2004 a19A/E, GTB EnclavebDelhie110093 av,136p.c21cm(Hb) aGlobal Sanskrit Literature Series in English-11 aTranslated by S. K. Chaturvedi